Score 0/62 Timer 05:00
1 Play Today
Title % Correct
Baa Baa _________ SheepBlack
98.1%
Humpty __________Dumpty
94.6%
Jack and __________Jill
93.8%
Hickory ________ DockDickory
93.8%
Itsy Bitsy __________Spider
93.4%
__________ Bridge is Falling DownLondon
93.2%
Mary Had A Little ___________Lamb
93.1%
Old McDonald Had A __________Farm
92.6%
It's Raining, It's ___________Pouring
92.3%
Little Bo ________Peep
91.5%
Rock-a-Bye ________Baby
91.3%
Hot Cross ________Buns
89.7%
Pat-a-Cake, Pat-a-Cake, _______ ManBakers
88.5%
Pop Goes the __________Weasel
88.5%
Three Blind _________Mice
88.2%
______ A Dub DubRub
87.6%
Star Light, Star __________Bright
87.6%
Mary Mary Quite __________Contrary
87.5%
This _______ PiggyLittle
86.5%
One Two __________ My ShoeBuckle
86.2%
There Was an Old Woman Who Lived in a _________Shoe
86.1%
Jack Be __________Nimble
85.9%
Here We Go Round the __________ BushMulberry
85.6%
Twinkle Twinkle Little _________Star
84.5%
_________ Around the RosieRing
83.5%
A Tisket, A ___________Tasket
83.4%
Little Boy _________Blue
83.4%
Little Miss _________Muffet
83.3%
Do You Know The _________ Man?Muffin
82%
Georgie ____________Porgie
81.8%
Peter Peter ________ EaterPumpkin
81.6%
Title % Correct
This Is The _________ That Jack BuiltHouse
78.8%
Old Mother ____________Hubbard
75.6%
Old King ___________Cole
75%
Little Jack __________Horner
72.4%
_________ __________ Go AwayRain
71.9%
Sing a Song of ________Sixpence
69.6%
What Are Little ________ Made Of?Girls
69.4%
The Farmer in the ________Dell
68%
Hey _________ ___________Diddle
67.1%
This Old ________Man
67%
Simple _________Simon
61.8%
Pease __________ HotPorridge
61%
Wee Willie ________Winkie
58.6%
Peter _________Piper
56.3%
Jack __________Sprat
55.7%
Ten Little __________Indians
54%
Monday's __________Child
53.4%
Goosey Goosey __________Gander
51.1%
________ Put the Kettle OnPolly
44%
The Grand Old Duke of _________York
40.7%
See Saw Margery _______Daw
40.4%
To __________, To ________Market
38.1%
Tinker _________Tailor
37.6%
Diddle Diddle ________ My Son JohnDumpling
34.7%
There Was a __________ ManCrooked
34%
Solomon __________Grundy
31.9%
Bye Baby ___________Bunting
31.2%
Tom, Tom, the _________ SonPiper's
29.2%
Little Tommy __________Tucker
29.2%
Ride a Cock Horse to ________ CrossBanbury
26.3%
Three Little __________Kittens
20.1%
Remove Ads.
Support Sporcle.
Get the best of Sporcle when you Go Orange. This ad-free experience offers more features, more stats, and more fun while also helping to support Sporcle. Thank you for becoming a member.

You're not logged in!

Compare scores with friends on all Sporcle quizzes.
OR
Log In

Show Comments

Extras

Top Quizzes Today


Score Distribution

Your Account Isn't Verified!

In order to create a playlist on Sporcle, you need to verify the email address you used during registration. Go to your Sporcle Settings to finish the process.

Report this User

Report this user for behavior that violates our Community Guidelines.

Details: